LEADER 01703nam0 2200361 i 450 001 PUV1557265 005 20231121125622.0 010 $a9788872289839 100 $a20221024d2021 ||||0itac50 ba 101 | $aita$cita 102 $ait 181 1$6z01$ai $bxxxe 182 1$6z01$an 200 1 $aRetorica ed esegesi$estudi di letteratura cristiana antica$fMarcello Marin$ga cura di Vincenzo Lomiento 210 $aBari$cEdipuglia$d2021 215 $a348 p.$cill.$d24 cm 225 | $aAuctores nostri$fCattedra di letteratura cristiana antica, Dipartimento di studi umanistici, Università di Foggia$v24 300 $aDOI: 10.4475/983 410 0$1001CFI0649904$12001 $aAuctores nostri$fCattedra di letteratura cristiana antica, Dipartimento di studi umanistici, Università di Foggia$v24$171201$aUniversità degli studi$c $b : Cattedra di letteratura cristiana antica$3CFIV215162 500 10$aRetorica ed esegesi$3PUV3004673$9CFIV053853$93615001 606 $aLetteratura cristiana antica$xInterpretazione$2FIR$3RMLC475202$9N 676 $a208.2$9Filosofia della religione. Fonti. Libri e scritture sacre. (Esegesi)$v22 676 $a230$9Cristianesimo. Teologia cristiana.$v22 700 1$aMarin$b, Marcello$f <1949- >$3CFIV053853$4070$0114124 702 1$aLomiento$b, Vincenzo$3MILV289028$4340 801 3$aIT$bIT-01$c20221024 850 $aIT-FR0017 899 $aBiblioteca umanistica Giorgio Aprea$bFR0017 $eN 912 $aPUV1557265 950 0$aBiblioteca umanistica Giorgio Aprea$d 52MAG$e 52SBA0000285525 VMN A4 $fA $h20221024$i20221024 977 $a 52 996 $aRetorica ed esegesi$93615001 997 $aUNICAS LEADER 02289nam0 2200541 i 450 001 VAN0127095 005 20230627092820.974 017 70$2N$a9783030107314 100 $a20200224d2019 |0itac50 ba 101 $aeng 102 $aCH 105 $a|||| ||||| 200 1 $aOperational Research$eIO 2018, Aveiro, Portugal, September 5-7$fMaria João Alves ?$bet al.] editors 210 $aCham$cSpringer$d2019 215 $axii, 245 p.$cill.$d24 cm 410 1$1001VAN0102574$12001 $aSpringer proceedings in mathematics & statistics$1210 $aBerlin [etc.]$cSpringer$v278 500 1$3VAN0236947$aOperational Research : IO 2018, Aveiro, Portugal, September 5-7$9228930 606 $a90Bxx$xOperations research and management science [MSC 2020]$3VANC019945$2MF 606 $a97M40$xOperations research, economics (aspects of mathematics education) [MSC 2020]$3VANC035392$2MF 610 $aClustering analysis$9KW:K 610 $aContinuous Optimization$9KW:K 610 $aData envelopment analysis$9KW:K 610 $aDecision Analysis$9KW:K 610 $aDecision Support Systems$9KW:K 610 $aDiscrete Optimization$9KW:K 610 $aGame Theory$9KW:K 610 $aLogistics$9KW:K 610 $aMetaheuristics$9KW:K 610 $aModeling$9KW:K 610 $aMulticriteria$9KW:K 610 $aNetworks$9KW:K 610 $aNonlinear Programming$9KW:K 610 $aProduction management$9KW:K 610 $aScheduling$9KW:K 610 $aSimulation$9KW:K 610 $aSupply chain$9KW:K 620 $aCH$dCham$3VANL001889 702 1$aAlves$bMaria João$3VANV098523 712 12$aCongress of APDIO$d19.$f2018$eAveiro, Portugal$3VANV098524 712 $aSpringer $3VANV108073$4650 801 $aIT$bSOL$c20240614$gRICA 856 4 $uhttp://doi.org/10.1007/978-3-030-10731-4$zE-book ? Accesso al full-text attraverso riconoscimento IP di Ateneo, proxy e/o Shibboleth 899 $aBIBLIOTECA DEL DIPARTIMENTO DI MATEMATICA E FISICA$1IT-CE0120$2VAN08 912 $fN 912 $aVAN0127095 950 $aBIBLIOTECA DEL DIPARTIMENTO DI MATEMATICA E FISICA$d08CONS e-book 1702 $e08eMF1702 20200224 996 $aOperational Research$9228930 997 $aUNICAMPANIA